000 00405nam a2200145Ia 4500
008 100204s9999 xx 000 0 und d
082 _b1173
100 _aशेळके उध्दव ज.
245 _aसाहेब
260 _b"पुष्पक प्रकाशन , पुणे"
_c1975
300 _a488
630 _aसाहेब
730 _aसाहेब
942 _cBOOK
999 _c446340
_d446337